000 00617nam a2200229Ia 4500
003 OSt
005 20220924124513.0
006 a|||||r|||| 00| 0
007 ta
008 220923b |||||||| |||| 00| 0 urd d
024 _a264579
037 _cTextual
040 _aARTS
_cARTS
_burd
041 _2urd
_aurd
082 _aO168,1J65:g, M7
100 _aWashishit Jawed
_9195991
245 0 _aMumd qult aur nabika sarka
260 _aNew Delhi
_b Saadhna India
_c1998
650 _aURDU POETRY
942 _hO168,1J65:g, M7
_cTEXL
_2CC
999 _c419827
_d419827